Light harvesting antennas in photosynthesis

Uloženo v:
Podrobná bibliografie
Hlavní autor: Green, Beverley R
Médium: Kniha
Jazyk:angličtina
Vydáno: Dordrecht Kluwer Academic Publishers 2003
Edice:Advances in Photosynthesis and Respiration. 13
Témata:
Tagy: Přidat tag
Žádné tagy, Buďte první, kdo vytvoří štítek k tomuto záznamu!

MARC

LEADER 00000nam a2200000 a 4500
001 UCK1321
003 CL-VaPUC
005 20211207074354.0
008 041112e20030000ne |||||||||||||||||eng|d
999 |c 311297  |d 311295 
020 |a 0792363353 
040 |c Pontificia Universidad Católica de Valparaíso 
082 0 4 |a 572.46 GRE 2003  |2 21 
100 0 |a Green, Beverley R  |9 489074 
245 1 0 |a Light harvesting antennas in photosynthesis 
260 |a Dordrecht  |b Kluwer Academic Publishers  |c 2003 
300 |a 513 páginas 
490 0 |a Advances in Photosynthesis and Respiration.  |v 13 
583 |a last modification  |c 20171116 05:36:40  |k Rodrigo Vera 
650 0 |a Fotosíntesis  |9 261610 
942 |c BK  |2 ddc 
945 |d 20041112 00:00:00  |a vberengu 
952 |0 0  |1 0  |2 ddc  |4 0  |6 572_460000000000000_GRE_2003  |7 0  |8 A  |9 380651  |a BIBCUR  |b BIBCUR  |d 2019-11-21  |i 4077741  |o 572.46 GRE 2003  |p 4077741  |r 2025-04-22  |t 1  |w 2019-11-21  |y BK  |k BIO